000 00331nam a2200133Ia 4500
008 240624s9999 xx 000 0 und d
041 _aeng
082 _a920 McD
100 _aMCDONALD HAMISH
245 _aAMBANI AND SONS
260 _c2013
_aNew Delhi
_bLotus Roli Books
300 _axi, : 396 : p. : cm. ; 21
365 _cRS
_b25
999 _c23644
_d23644